[Event "XL C.to Italiano a squadre Master"]
[Site "Arvier ITA"]
[Date "2008.05.01"]
[Round "1.1"]
[White "Garcia Palermo, Carlos H"]
[Black "Lagumina, Giulio"]
[Result "1-0"]
[WhiteElo "2465"]
[BlackElo "2327"]
[PlyCount "93"]
[EventDate "2008.05.01"]
[EventType "swiss"]
[EventRounds "7"]
[EventCountry "ITA"]
[SourceDate "2008.05.01"]
[WhiteTeam "Chieti"]
[BlackTeam "Il Massimo Banca Nuova"]
[WhiteTeamCountry "ITA"]
[BlackTeamCountry "ITA"]

1. d4 d5 2. Nf3 Nf6 3. c4 c6 4. e3 e6 5. Bd3 Nbd7 6. O-O Bd6 7. Nc3 b6 8. e4
dxe4 9. Nxe4 Nxe4 10. Bxe4 Bb7 11. Qe2 O-O 12. Bg5 Qc7 13. Rad1 e5 14. Qd3 h6
15. dxe5 Nxe5 16. Qxd6 Qxd6 17. Rxd6 Nxf3+ 18. Bxf3 hxg5 19. Rfd1 Rfe8 20. h3
Re7 21. Rd7 Kf8 22. Rxb7 Rxb7 23. Bxc6 Rab8 24. Bxb7 Rxb7 25. Rd5 f6 26. f3 Ke7
27. Kf2 Rc7 28. b3 Rc6 29. Ke3 Re6+ 30. Kd2 Rc6 31. Rd4 f5 32. Rd5 g6 33. a4
Kf6 34. a5 Re6 35. a6 Re7 36. b4 Rc7 37. Kd3 Ke6 38. Kd4 Rh7 39. Rd8 Rh4+ 40.
Kd3 b5 41. Rd4 bxc4+ 42. Rxc4 Rh7 43. Rc6+ Ke5 44. Rxg6 Kf4 45. b5 Rc7 46. Kd4
Rc2 47. g4 1-0

[Event "XL C.to Italiano a squadre Master"]
[Site "Arvier ITA"]
[Date "2008.05.01"]
[Round "1.1"]
[White "Ramondino, Renzo"]
[Black "D'Amore, Carlo"]
[Result "0-1"]
[WhiteElo "2275"]
[BlackElo "2481"]
[PlyCount "42"]
[EventDate "2008.05.01"]
[EventType "swiss"]
[EventRounds "7"]
[EventCountry "ITA"]
[SourceDate "2008.05.01"]
[WhiteTeam "Il Massimo Banca Nuova"]
[BlackTeam "Chieti"]
[WhiteTeamCountry "ITA"]
[BlackTeamCountry "ITA"]

1. e4 e5 2. Nf3 Nc6 3. Bb5 Nge7 4. O-O Ng6 5. c3 a6 6. Ba4 d6 7. d4 Bd7 8. d5
Nb8 9. Bxd7+ Nxd7 10. c4 Be7 11. Nc3 O-O 12. Qc2 Nh4 13. Ne1 Bg5 14. g3 Bxc1
15. Rxc1 Qg5 16. Kh1 Ng6 17. Ng2 f5 18. exf5 Ne7 19. Ne4 Qxf5 20. f4 h6 21. Rf2
Rae8 0-1

[Event "XL C.to Italiano a squadre Master"]
[Site "Arvier ITA"]
[Date "2008.05.01"]
[Round "1.1"]
[White "Mogranzini, Roberto"]
[Black "Amato, Andrea"]
[Result "1/2-1/2"]
[WhiteElo "2418"]
[BlackElo "2252"]
[PlyCount "110"]
[EventDate "2008.05.01"]
[EventType "swiss"]
[EventRounds "7"]
[EventCountry "ITA"]
[SourceDate "2008.05.01"]
[WhiteTeam "Chieti"]
[BlackTeam "Il Massimo Banca Nuova"]
[WhiteTeamCountry "ITA"]
[BlackTeamCountry "ITA"]

1. e4 e6 2. d4 d5 3. Nd2 Be7 4. Bd3 c5 5. dxc5 Nf6 6. Qe2 O-O 7. Ngf3 a5 8. O-O
Na6 9. e5 Nd7 10. c4 Ndxc5 11. Bb1 Nb4 12. Nb3 b6 13. Nxc5 bxc5 14. a3 Nc6 15.
Rd1 g6 16. Qe3 Re8 17. h4 Ra7 18. Qf4 Rd7 19. Bc2 dxc4 20. Rxd7 Bxd7 21. Qxc4
Qb8 22. Qc3 Rd8 23. Be3 Be8 24. Rd1 Rxd1+ 25. Bxd1 Qb5 26. h5 Nb8 27. Nd2 a4
28. Ne4 Nd7 29. Nd6 Bxd6 30. exd6 f6 31. hxg6 Bxg6 32. f4 Be4 33. Qd2 Qc4 34.
Be2 Qb3 35. Kf2 Qb6 36. Bc4 Kf7 37. g4 Qc6 38. f5 Bd5 39. fxe6+ Kxe6 40. Bd3
Ne5 41. Bf5+ Kxd6 42. Qa5 Be6 43. Qd8+ Bd7 44. Qxf6+ Kd5 45. Qxc6+ Kxc6 46.
Be4+ Kb5 47. g5 Ng6 48. Bd2 Kc4 49. Bc3 Be8 50. Bb1 Nf4 51. Kf3 Nd3 52. Ba2+
Kb5 53. Ke3 Bg6 54. Be6 Kc6 55. Bc4 Nc1 1/2-1/2

[Event "XL C.to Italiano a squadre Master"]
[Site "Arvier ITA"]
[Date "2008.05.01"]
[Round "1.2"]
[White "Godena, Michele"]
[Black "Di Caro, Calogero"]
[Result "1/2-1/2"]
[WhiteElo "2528"]
[BlackElo "2399"]
[PlyCount "45"]
[EventDate "2008.05.01"]
[EventType "swiss"]
[EventRounds "7"]
[EventCountry "ITA"]
[SourceDate "2008.05.01"]
[WhiteTeam "Vimar Scacchi Marostica"]
[BlackTeam "La Zisa Palermo"]
[WhiteTeamCountry "ITA"]
[BlackTeamCountry "ITA"]

1. e4 e5 2. Nf3 Nc6 3. Bc4 Bc5 4. c3 Nf6 5. d3 a6 6. Bb3 Ba7 7. O-O O-O 8. Re1
d6 9. h3 h6 10. Nbd2 Nh5 11. Nf1 Qf6 12. Be3 Nf4 13. Bxa7 Rxa7 14. Kh2 Ra8 15.
Ne3 Ne7 16. Ng1 Be6 17. Bxe6 Nxe6 18. Qf3 Qxf3 19. Nxf3 Ng5 20. Nxg5 hxg5 21.
d4 f6 22. Rad1 Rad8 23. f3 1/2-1/2

[Event "XL C.to Italiano a squadre Master"]
[Site "Arvier ITA"]
[Date "2008.05.01"]
[Round "1.2"]
[White "Mazzilli, Piero"]
[Black "Ortega, Lexy"]
[Result "0-1"]
[WhiteElo "2332"]
[BlackElo "2459"]
[PlyCount "65"]
[EventDate "2008.05.01"]
[EventType "swiss"]
[EventRounds "7"]
[EventCountry "ITA"]
[SourceDate "2008.05.01"]
[WhiteTeam "La Zisa Palermo"]
[BlackTeam "Vimar Scacchi Marostica"]
[WhiteTeamCountry "ITA"]
[BlackTeamCountry "ITA"]

1. e4 c5 2. c3 Nf6 3. e5 Nd5 4. d4 cxd4 5. Nf3 e6 6. cxd4 d6 7. a3 Nc6 8. Bd3
g6 9. O-O Bg7 10. Re1 O-O 11. b4 dxe5 12. dxe5 b6 13. Bb2 Bb7 14. Be4 Qb8 15.
Nbd2 Rd8 16. Rc1 Nxe5 17. Nxe5 Bxe5 18. Bxe5 Qxe5 19. Bxg6 Qg7 20. Be4 f5 21.
Bf3 Nf4 22. g3 Nd3 23. Bxb7 Qxb7 24. Rxe6 Nxc1 25. Qxc1 Qd7 26. Qc4 Qf7 27. Nf3
Rac8 28. Qb3 Rc1+ 29. Kg2 Rc3 30. Qxc3 Qxe6 31. Ng5 Qd5+ 32. Kg1 h6 33. Nf3 0-1

[Event "XL C.to Italiano a squadre Master"]
[Site "Arvier ITA"]
[Date "2008.05.01"]
[Round "1.2"]
[White "Stangl, Markus"]
[Black "Napoli, Nicolo'"]
[Result "1-0"]
[WhiteElo "2453"]
[BlackElo "2318"]
[PlyCount "47"]
[EventDate "2008.05.01"]
[EventType "swiss"]
[EventRounds "7"]
[EventCountry "ITA"]
[SourceDate "2008.05.01"]
[WhiteTeam "Vimar Scacchi Marostica"]
[BlackTeam "La Zisa Palermo"]
[WhiteTeamCountry "ITA"]
[BlackTeamCountry "ITA"]

1. Nf3 g6 2. d4 Bg7 3. e4 c6 4. Nc3 d5 5. Bf4 Nf6 6. Bd3 O-O 7. Qd2 b5 8. a3 a6
9. h4 Nbd7 10. Bh6 Bxh6 11. Qxh6 Ng4 12. Qd2 e5 13. dxe5 Ndxe5 14. Nxe5 Nxe5
15. exd5 cxd5 16. O-O-O Be6 17. Be2 Nc4 18. Qd4 Qb6 19. Bf3 Rfd8 20. Bxd5 Qa5
21. h5 Bf5 22. g4 Nxa3 23. gxf5 Nc4 24. hxg6 1-0

[Event "XL C.to Italiano a squadre Master"]
[Site "Arvier ITA"]
[Date "2008.05.01"]
[Round "1.2"]
[White "Ganci, Fabrizio"]
[Black "Manca, Federico"]
[Result "1/2-1/2"]
[WhiteElo "2216"]
[BlackElo "2372"]
[PlyCount "72"]
[EventDate "2008.05.01"]
[EventType "swiss"]
[EventRounds "7"]
[EventCountry "ITA"]
[SourceDate "2008.05.01"]
[WhiteTeam "La Zisa Palermo"]
[BlackTeam "Vimar Scacchi Marostica"]
[WhiteTeamCountry "ITA"]
[BlackTeamCountry "ITA"]

1. d4 d5 2. Nf3 c5 3. c3 Nc6 4. e3 e6 5. Nbd2 Bd6 6. Bd3 Nf6 7. O-O O-O 8. dxc5
Bxc5 9. e4 Qc7 10. Qc2 h6 11. exd5 exd5 12. Nb3 Bb6 13. Re1 Bg4 14. Nfd4 Bd7
15. Nb5 Qb8 16. h3 Bxh3 17. Bf5 Bg4 18. Be3 Bxe3 19. Rxe3 Qf4 20. N5d4 Nxd4 21.
Nxd4 Bxf5 22. Qxf5 Qxf5 23. Nxf5 Rfe8 24. Rd1 Rad8 25. Rxe8+ Rxe8 26. Ne3 Re5
27. Rd4 Kf8 28. Kf1 Ke7 29. Ra4 a6 30. Rb4 b5 31. a4 bxa4 32. Rxa4 Re6 33. Ra5
Rb6 34. b4 Ke6 35. Ke2 Rd6 36. Kd3 Ne4 1/2-1/2

[Event "XL C.to Italiano a squadre Master"]
[Site "Arvier ITA"]
[Date "2008.05.01"]
[Round "1.3"]
[White "Martorelli, Antonio"]
[Black "Bellini, Fabio"]
[Result "0-1"]
[WhiteElo "2230"]
[BlackElo "2518"]
[PlyCount "50"]
[EventDate "2008.05.01"]
[EventType "swiss"]
[EventRounds "7"]
[EventCountry "ITA"]
[SourceDate "2008.05.01"]
[WhiteTeam "Mens Sana Siena"]
[BlackTeam "Obiettivo Risarcimento Padova"]
[WhiteTeamCountry "ITA"]
[BlackTeamCountry "ITA"]

1. e4 e5 2. Nf3 Nc6 3. d4 exd4 4. Nxd4 Bc5 5. Nb3 Bb6 6. Nc3 d6 7. a4 a6 8. Nd5
Ba7 9. Qf3 Be6 10. Qc3 Nf6 11. Be3 Bxe3 12. Qxe3 O-O 13. O-O-O Bxd5 14. exd5
Re8 15. Qh3 Nb4 16. Bd3 Re5 17. f4 Nxd3+ 18. Rxd3 Rxd5 19. Nd4 Qe8 20. Rhd1 c5
21. Nf5 Rxd3 22. Qxd3 Qxa4 23. Nxd6 Rd8 24. g3 Ne8 25. Re1 Nxd6 0-1

[Event "XL C.to Italiano a squadre Master"]
[Site "Arvier ITA"]
[Date "2008.05.01"]
[Round "1.3"]
[White "Brunello, Sabino"]
[Black "Caposciutti, Maurizio"]
[Result "1-0"]
[WhiteElo "2475"]
[BlackElo "2313"]
[PlyCount "95"]
[EventDate "2008.05.01"]
[EventType "swiss"]
[EventRounds "7"]
[EventCountry "ITA"]
[SourceDate "2008.05.01"]
[WhiteTeam "Obiettivo Risarcimento Padova"]
[BlackTeam "Mens Sana Siena"]
[WhiteTeamCountry "ITA"]
[BlackTeamCountry "ITA"]

1. d4 Nf6 2. Bg5 Ne4 3. Bf4 d5 4. Nd2 Bf5 5. Nxe4 Bxe4 6. f3 Bg6 7. h4 h6 8. e3
e6 9. h5 Bh7 10. Bd3 Bxd3 11. Qxd3 c6 12. Ne2 Bd6 13. O-O-O Bxf4 14. exf4 Nd7
15. Kb1 Qf6 16. g4 O-O-O 17. Qe3 Rhe8 18. Nc1 Qe7 19. Nd3 f6 20. Rhe1 Qd6 21.
Re2 a6 22. Rde1 Re7 23. g5 Rde8 24. gxh6 gxh6 25. f5 e5 26. Qxh6 e4 27. Nf4
exf3 28. Rxe7 Rxe7 29. Ne6 Kb8 30. Qe3 Nf8 31. Qxf3 Nxe6 32. fxe6 Rxe6 33. Rh1
Qe7 34. Qg3+ Ka7 35. h6 Qh7 36. Qg7 Qe4 37. Rc1 Re7 38. Qxf6 Rh7 39. a4 Qe3 40.
Rh1 Qe4 41. Qh4 Qg6 42. a5 Qe6 43. Qf4 Qe7 44. b3 Qb4 45. Qf6 Qxa5 46. Qg7 Rxg7
47. hxg7 Qd8 48. Rh8 1-0

[Event "XL C.to Italiano a squadre Master"]
[Site "Arvier ITA"]
[Date "2008.05.01"]
[Round "1.3"]
[White "Hautala, Roman"]
[Black "Arlandi, Ennio"]
[Result "1-0"]
[WhiteElo "2239"]
[BlackElo "2436"]
[PlyCount "75"]
[EventDate "2008.05.01"]
[EventType "swiss"]
[EventRounds "7"]
[EventCountry "ITA"]
[SourceDate "2008.05.01"]
[WhiteTeam "Mens Sana Siena"]
[BlackTeam "Obiettivo Risarcimento Padova"]
[WhiteTeamCountry "ITA"]
[BlackTeamCountry "ITA"]

1. e4 c5 2. Nf3 e6 3. d4 cxd4 4. Nxd4 Nf6 5. Nc3 d6 6. Bb5+ Nbd7 7. Bg5 Be7 8.
f4 O-O 9. Qf3 Qc7 10. O-O-O a6 11. Bxd7 Bxd7 12. Rhe1 Kh8 13. Kb1 b5 14. e5
dxe5 15. fxe5 Ng8 16. Ne4 Bc6 17. Nxc6 Qxc6 18. Bxe7 Nxe7 19. Rd6 Qc7 20. Ng5
Nf5 21. Qd3 Qe7 22. h4 g6 23. Rd7 Qb4 24. Re4 Qc5 25. b4 Qg1+ 26. Kb2 Qxg2 27.
Nxf7+ Kg8 28. Ng5 Rac8 29. Nxh7 Rc4 30. Rxc4 bxc4 31. Qxc4 Ne3 32. Qxe6+ Kh8
33. Rc7 Qd2 34. Nf6 Qxb4+ 35. Qb3 Qd4+ 36. c3 Qd2+ 37. Ka3 Qc1+ 38. Ka4 1-0

[Event "XL C.to Italiano a squadre Master"]
[Site "Arvier ITA"]
[Date "2008.05.01"]
[Round "1.3"]
[White "Vocaturo, Daniele"]
[Black "Patelli, Alessandro"]
[Result "1/2-1/2"]
[WhiteElo "2412"]
[BlackElo "2219"]
[PlyCount "75"]
[EventDate "2008.05.01"]
[EventType "swiss"]
[EventRounds "7"]
[EventCountry "ITA"]
[SourceDate "2008.05.01"]
[WhiteTeam "Obiettivo Risarcimento Padova"]
[BlackTeam "Mens Sana Siena"]
[WhiteTeamCountry "ITA"]
[BlackTeamCountry "ITA"]

1. e4 c5 2. Nf3 d6 3. d4 cxd4 4. Nxd4 Nf6 5. Nc3 Nc6 6. Bg5 e6 7. Qd2 Be7 8.
O-O-O Qb6 9. Ndb5 O-O 10. Nxd6 Rd8 11. Qf4 Qc5 12. e5 Qxe5 13. Qxe5 Nxe5 14.
Nce4 Rb8 15. Bf4 Ng6 16. Bg3 Nxe4 17. Nxe4 Rxd1+ 18. Kxd1 e5 19. Bc4 b5 20. Bb3
a5 21. Kc1 Bb7 22. Nc3 a4 23. Bd5 b4 24. Bxb7 bxc3 25. Bd5 Bg5+ 26. Kb1 Rxb2+
27. Ka1 Rxc2 28. h4 Bf4 29. h5 Ne7 30. Be4 Re2 31. Bf3 Rd2 32. Bxf4 exf4 33.
Rc1 c2 34. Kb2 Nf5 35. Bg4 Nh6 36. Bf3 Nf5 37. Bg4 Nh6 38. Bf3 1/2-1/2

[Event "XL C.to Italiano a squadre Master"]
[Site "Arvier ITA"]
[Date "2008.05.01"]
[Round "1.4"]
[White "Shytaj, Luca"]
[Black "Nguyen, Chi Minh"]
[Result "1/2-1/2"]
[WhiteElo "2467"]
[BlackElo "2415"]
[PlyCount "42"]
[EventDate "2008.05.01"]
[EventType "swiss"]
[EventRounds "7"]
[EventCountry "ITA"]
[SourceDate "2008.05.01"]
[WhiteTeam "Salentina 1"]
[BlackTeam "Monzascacchi A"]
[WhiteTeamCountry "ITA"]
[BlackTeamCountry "ITA"]

1. e4 e6 2. d4 d5 3. Nd2 Be7 4. c3 c5 5. dxc5 Nf6 6. Bb5+ Bd7 7. Bd3 Bc6 8. Qe2
dxe4 9. Nxe4 Nbd7 10. Nf3 Nxe4 11. Bxe4 Bxe4 12. Qxe4 Nxc5 13. Qd4 Qxd4 14.
Nxd4 Bf6 15. Nb3 Na4 16. Rb1 O-O 17. O-O Rfd8 18. Be3 Rd7 19. Nc5 Nxc5 20. Bxc5
b6 21. Be3 b5 1/2-1/2

[Event "XL C.to Italiano a squadre Master"]
[Site "Arvier ITA"]
[Date "2008.05.01"]
[Round "1.4"]
[White "Radice, Luca"]
[Black "Collutiis, Duilio"]
[Result "0-1"]
[WhiteElo "2098"]
[BlackElo "2415"]
[PlyCount "58"]
[EventDate "2008.05.01"]
[EventType "swiss"]
[EventRounds "7"]
[EventCountry "ITA"]
[SourceDate "2008.05.01"]
[WhiteTeam "Monzascacchi A"]
[BlackTeam "Salentina 1"]
[WhiteTeamCountry "ITA"]
[BlackTeamCountry "ITA"]

1. d4 Nf6 2. c4 c5 3. d5 b5 4. cxb5 a6 5. bxa6 g6 6. Nc3 Bxa6 7. e4 Bxf1 8.
Kxf1 d6 9. Nf3 Bg7 10. g3 O-O 11. Kg2 Nbd7 12. h3 Ra6 13. Re1 e6 14. dxe6 fxe6
15. Bf4 Nh5 16. Bxd6 Rxf3 17. Kxf3 Rxd6 18. Qc2 Qg5 19. Red1 Bd4 20. Nb5 Ne5+
21. Kg2 Rd8 22. Nxd4 cxd4 23. Qd2 Qf6 24. Rac1 Qf3+ 25. Kg1 Qxe4 26. Qh6 Nf3+
27. Kf1 d3 28. Rc7 Nxg3+ 29. fxg3 Qe2# 0-1

[Event "XL C.to Italiano a squadre Master"]
[Site "Arvier ITA"]
[Date "2008.05.01"]
[Round "1.4"]
[White "Piscopo, Pierluigi"]
[Black "Gabetto, Flaviano"]
[Result "1/2-1/2"]
[WhiteElo "2379"]
[BlackElo "2124"]
[PlyCount "40"]
[EventDate "2008.05.01"]
[EventType "swiss"]
[EventRounds "7"]
[EventCountry "ITA"]
[SourceDate "2008.05.01"]
[WhiteTeam "Salentina 1"]
[BlackTeam "Monzascacchi A"]
[WhiteTeamCountry "ITA"]
[BlackTeamCountry "ITA"]

1. e4 e6 2. Qe2 c5 3. Nf3 Nc6 4. d3 d6 5. g3 g6 6. Bg5 Qb6 7. c3 Bg7 8. Bg2 h6
9. Bc1 Nge7 10. O-O O-O 11. Na3 e5 12. Nd2 Be6 13. Ndc4 Qd8 14. f4 exf4 15.
Bxf4 Ne5 16. Nb5 Bxc4 17. dxc4 a6 18. Na3 N7c6 19. Rad1 Qe7 20. Nc2 b5 1/2-1/2

[Event "XL C.to Italiano a squadre Master"]
[Site "Arvier ITA"]
[Date "2008.05.01"]
[Round "1.5"]
[White "Tocchioni, Doriano"]
[Black "Scalcione, Michelangelo"]
[Result "1/2-1/2"]
[WhiteElo "2279"]
[BlackElo "2455"]
[PlyCount "96"]
[EventDate "2008.05.01"]
[EventType "swiss"]
[EventRounds "7"]
[EventCountry "ITA"]
[SourceDate "2008.05.01"]
[WhiteTeam "DLF Firenze A"]
[BlackTeam "Platinum Bologna"]
[WhiteTeamCountry "ITA"]
[BlackTeamCountry "ITA"]

1. d4 d6 2. e4 Nf6 3. Nc3 e5 4. Nge2 Nc6 5. f3 a6 6. d5 Ne7 7. Be3 c6 8. dxc6
bxc6 9. Ng3 Rb8 10. b3 Ng6 11. Na4 {=} d5 12. Be2 d4 13. Bd2 Ba3 14. O-O O-O
15. Rb1 a5 16. Bc4 Ne8 17. Qe1 Ra8 18. Nf5 Be6 19. Bd3 Nf4 20. Qg3 Bxf5 21.
exf5 Nxd3 22. cxd3 f6 23. f4 Bd6 24. Rbc1 Rc8 25. Rc2 exf4 26. Bxf4 Rf7 27. Re1
Re7 28. Re6 Rxe6 29. fxe6 Qc7 30. Bxd6 Nxd6 31. Nb6 Nf5 32. Qxc7 Rxc7 33. Nd5
Rc8 34. g4 Ne3 35. Rxc6 Rxc6 36. Ne7+ Kf8 37. Nxc6 Nxg4 38. Nxa5 Ne5 39. Nb7
Nxd3 40. a4 Nc1 41. Kf2 Nxb3 42. a5 Nxa5 {=} 43. Nxa5 Ke7 44. Nc6+ Kxe6 45.
Nxd4+ Ke5 46. Ke3 f5 47. Nf3+ Kf6 48. Kf4 h6 1/2-1/2

[Event "XL C.to Italiano a squadre Master"]
[Site "Arvier ITA"]
[Date "2008.05.01"]
[Round "1.5"]
[White "Ronchetti, Niccolo'"]
[Black "Mauro, Alan"]
[Result "1-0"]
[WhiteElo "2431"]
[BlackElo "2187"]
[PlyCount "89"]
[EventDate "2008.05.01"]
[EventType "swiss"]
[EventRounds "7"]
[EventCountry "ITA"]
[SourceDate "2008.05.01"]
[WhiteTeam "Platinum Bologna"]
[BlackTeam "DLF Firenze A"]
[WhiteTeamCountry "ITA"]
[BlackTeamCountry "ITA"]

1. e4 c5 2. Nf3 Nc6 3. Bb5 g6 4. O-O Bg7 5. c3 Nf6 6. Qa4 O-O 7. d4 cxd4 8.
cxd4 d6 9. d5 Nb8 10. Nc3 Nbd7 11. Be3 Nc5 12. Qc2 a6 13. Be2 Bg4 14. b4 Ncd7
15. Qb3 Rc8 16. Rac1 Bxf3 17. Bxf3 Ne5 18. Be2 b5 19. a4 Nc4 20. Bf4 bxa4 21.
Nxa4 g5 22. Bxg5 Nxe4 23. Bxc4 Nxg5 24. Qe3 h6 25. h4 Nh7 26. Bxa6 Rxc1 27.
Rxc1 Qa8 28. Rc6 Nf6 29. Qd3 Ng4 30. Nb6 Qa7 31. b5 Rb8 32. Qf5 Ne5 33. Rc8+
Bf8 34. Rxb8 Qxb8 35. Nd7 Qc7 36. Nxe5 dxe5 37. g3 Qd6 38. Bb7 e6 39. Qe4 f5
40. Qc4 exd5 41. Bxd5+ Kh8 42. Bc6 e4 43. Qf7 e3 44. Bd5 exf2+ 45. Kf1 1-0

[Event "XL C.to Italiano a squadre Master"]
[Site "Arvier ITA"]
[Date "2008.05.01"]
[Round "1.5"]
[White "Bartolini, Tommaso"]
[Black "Cocchi, Andrea"]
[Result "0-1"]
[WhiteElo "2185"]
[BlackElo "2316"]
[PlyCount "106"]
[EventDate "2008.05.01"]
[EventType "swiss"]
[EventRounds "7"]
[EventCountry "ITA"]
[SourceDate "2008.05.01"]
[WhiteTeam "DLF Firenze A"]
[BlackTeam "Platinum Bologna"]
[WhiteTeamCountry "ITA"]
[BlackTeamCountry "ITA"]

1. d4 d6 2. Bg5 c6 3. Nd2 g6 4. c3 Bg7 5. e3 Nf6 6. Ngf3 Nbd7 7. Be2 h6 8. Bh4
g5 9. Bg3 Nh5 10. Qc2 Ndf6 11. O-O-O Ng4 12. Rhf1 Be6 13. d5 cxd5 14. Nd4 Nxg3
15. hxg3 Bxd4 16. Qa4+ Bd7 17. Qxd4 Nf6 18. Kb1 Qa5 19. Nb3 Qa4 20. c4 dxc4 21.
Bxc4 b5 22. Be2 Qxd4 23. Nxd4 a6 24. Bf3 d5 25. Nb3 Bf5+ 26. Ka1 e6 27. Rc1 Bd3
28. Rfd1 Bc4 29. Nd4 g4 30. Be2 Kd7 31. Bxc4 bxc4 32. b3 e5 33. Nf5 cxb3 34.
axb3 Rac8 35. Rxc8 Rxc8 36. Kb2 h5 37. Nh6 Ke6 38. Ra1 Rc6 39. f4 Ne4 40. fxe5
Nxg3 41. Ra4 Nf5 42. Nxf5 Kxf5 43. Rf4+ Kxe5 44. Rxf7 Ke4 45. Re7+ Kd3 46. Re5
Rh6 47. Rxd5+ Kxe3 48. g3 Kf2 49. Rd3 h4 50. gxh4 g3 51. Rd2+ Kf3 52. Rd4 g2
53. Rd3+ Ke2 0-1

[Event "XL C.to Italiano a squadre Master"]
[Site "Arvier ITA"]
[Date "2008.05.01"]
[Round "1.5"]
[White "Calavalle, Giulio"]
[Black "Bocchicchio, Gaetano"]
[Result "1/2-1/2"]
[WhiteElo "2218"]
[BlackElo "2140"]
[PlyCount "120"]
[EventDate "2008.05.01"]
[EventType "swiss"]
[EventRounds "7"]
[EventCountry "ITA"]
[SourceDate "2008.05.01"]
[WhiteTeam "Platinum Bologna"]
[BlackTeam "DLF Firenze A"]
[WhiteTeamCountry "ITA"]
[BlackTeamCountry "ITA"]

1. e4 c5 2. Nc3 a6 3. a4 Nc6 4. Bc4 d6 5. d3 Nf6 6. Nge2 e6 7. O-O Be7 8. Bg5
h6 9. Bxf6 Bxf6 10. Ng3 O-O 11. Rb1 Bd7 12. Nh5 Nd4 13. f4 b5 14. Ba2 b4 15.
Ne2 Bxa4 16. Nxd4 Bxd4+ 17. Kh1 Qh4 18. Ng3 g6 19. Ne2 Bg7 20. f5 exf5 21. exf5
Be5 22. g3 Bc6+ 23. Kg1 Qg4 24. fxg6 Bf3 25. Rxf3 Qxf3 26. Qd2 Kg7 27. Rf1 Qg4
28. gxf7 Ra7 29. Kg2 Re7 30. h3 Qg5 31. Nf4 d5 32. d4 Bxd4 33. Bxd5 Be3 34. Qd3
Bxf4 35. Rxf4 h5 36. Rf5 Qe3 37. Qxe3 Rxe3 38. Kf2 Kg6 39. Rf4 Re5 40. Bc4 a5
41. b3 Kg7 42. g4 h4 43. g5 Rxg5 44. Rxh4 Rd8 45. Rf4 Rg6 46. Re4 Rd4 47. Re8
Rf6+ 48. Ke3 Rxc4 49. bxc4 a4 50. Rc8 Rf5 51. f8=Q+ Rxf8 52. Rxc5 Ra8 53. Rf5
Kg6 54. Rf1 Rh8 55. Rb1 Rxh3+ 56. Kd4 b3 57. cxb3 axb3 58. Kd5 Kf6 59. Kc6 Ke5
60. Kc5 Ke6 1/2-1/2